000 00511nam a22001697a 4500
003 NUST - PNEC
005 20170116181000.0
008 150912b xxu||||| |||| 00| 0 eng d
020 _a0471612251
040 _cLIBRARY
082 _a621.38195 BUR
100 _99440
_aBurleson, D. k.
245 _aPractical application of object-oriented techniques to relational databases
_cDonald K. Burleson
260 _cc.1994
650 _99443
_aObject-oriented programming (Computer science)
_xMIS
942 _2ddc
_cBK
999 _c66660
_d66660